[Event "American Continental Rapid 18th"]
[Site "Medellin"]
[Date "2024.06.01"]
[Round "6"]
[White "Lara Daguer, Nestor Eduardo"]
[Black "Malagon Malagon, Gabriela"]
[Result "1-0"]
[WhiteElo "1411"]
[BlackElo "1552"]
[PlyCount "123"]
[EventDate "2024.06.01"]
[EventType "swiss (rapid)"]
[EventRounds "9"]
[EventCountry "COL"]
[SourceTitle "CB23_2024"]
[SourceDate "2024.06.05"]
[SourceVersion "1"]
[SourceVersionDate "2024.06.05"]
[SourceQuality "1"]

1. d4 g6 2. c4 Bg7 3. Nc3 Nf6 4. Nf3 d6 5. e4 0-0 6. Bd3 Re8 7. 0-0 e5 8. d5 c6 9. Bg5 cxd5 10. cxd5 Nbd7 11. Nd2 b6 12. f4 Bb7 13. fxe5 dxe5 14. Nc4 Ba6 15. Nd6 Bxd3 16. Nxe8 Bxf1 17. Nxf6+ Nxf6 18. Qxf1 Rc8 19. Qf2 h6 20. Bxf6 Qxf6 21. Qxf6 Bxf6 22. Rd1 Kf8 23. g3 Ke7 24. Kf2 a6 25. a3 Kd6 26. h4 g5 27. hxg5 Bxg5 28. Kf3 h5 29. Rh1 Bd2 30. Nd1 Rc1 31. Ke2 Rc4 32. Kxd2 Rxe4 33. Nc3 Rg4 34. Rxh5 Rxg3 35. Ne4+ Kxd5 36. Nxg3 Kd4 37. Rf5 e4 38. Nxe4 Kxe4 39. Rxf7 Kd4 40. Ra7 a5 41. Rh7 Kc4 42. Kc2 Kb5 43. Rh5+ Ka4 44. Kc3 b5 45. Rh1 b4+ 46. axb4 axb4+ 47. Kc4 Ka5 48. Rh5+ Ka4 49. b3+ Ka3 50. Ra5+ Kb2 51. Kxb4 Kc2 52. Kc4 Kd2 53. Re5 Kc2 54. Re2+ Kd1 55. Rh2 Ke1 56. Kd3 Kf1 57. Ke3 Kg1 58. Ra2 Kh1 59. Kf3 Kg1 60. Rb2 Kh1 61. Kg3 Kg1 62. Rb1# 1-0

[Event "American Continental Rapid 18th"]
[Site "Medellin"]
[Date "2024.06.01"]
[Round "9"]
[White "Malagon Malagon, Gabriela"]
[Black "Reinhard Pinto, Dietmar"]
[Result "0-1"]
[WhiteElo "1552"]
[BlackElo "1746"]
[PlyCount "52"]
[EventDate "2024.06.01"]
[EventType "swiss (rapid)"]
[EventRounds "9"]
[EventCountry "COL"]
[SourceTitle "CB23_2024"]
[SourceDate "2024.06.05"]
[SourceVersion "1"]
[SourceVersionDate "2024.06.05"]
[SourceQuality "1"]

1. d4 Nf6 2. c4 c5 3. d5 b5 4. b3 bxc4 5. bxc4 g6 6. Nf3 Bg7 7. a3 d6 8. Nbd2 Ne4 9. Nxe4 Bxa1 10. Bd2 Bg7 11. e3 Bf5 12. Ng3 Bd7 13. Bd3 0-0 14. 0-0 e6 15. dxe6 fxe6 16. Be4 Bc6 17. Bxc6 Nxc6 18. Re1 Rb8 19. h3 d5 20. cxd5 exd5 21. Qc2 c4 22. Bc3 Bxc3 23. Qxc3 Qf6 24. Qxf6 Rxf6 25. Rd1 Rd8 26. Nd4 Nxd4 0-1

[Event "Medellin de La Raza U2000 op"]
[Site "Medellin"]
[Date "2023.10.14"]
[Round "4"]
[White "Aristizabal Soto, Diego Fernando"]
[Black "Malagon Malagon, Gabriela"]
[Result "1-0"]
[WhiteElo "1456"]
[BlackElo "1192"]
[PlyCount "51"]
[EventDate "2023.10.12"]
[EventType "swiss"]
[EventRounds "9"]
[EventCountry "COL"]
[SourceTitle "Mega2024 Update 01"]
[Source "Chessbase"]
[SourceDate "2023.11.12"]
[SourceVersion "1"]
[SourceVersionDate "2023.11.12"]
[SourceQuality "1"]

1. e4 b6 2. d4 Bb7 3. Bd3 Nf6 4. Qe2 e6 5. Nf3 d5 6. e5 Nfd7 7. Bf4 c5 8. c3 c4 9. Bc2 Be7 10. h4 h5 11. Ng5 g6 12. Qf3 Bxg5 13. Bxg5 Qc7 14. Nd2 Nf8 15. Qf6 Rh7 16. Nf3 Nc6 17. Be3 Qe7 18. Qxe7+ Nxe7 19. 0-0 a5 20. a4 Nf5 21. Bxf5 gxf5 22. Bg5 Ng6 23. Bf6 Ba6 24. Ng5 Rh6 25. Bg7 Nxh4 26. Bxh6 1-0